00894nam a2200253Ia 4500001000700000008004100007020002200048082001500070100002800085245012400113250001100237260002800248300001100276500003700287503003400324504003300358650002100391650001200412650003700424650003800461650002600499650005300525700006200578Z_6683220601s9999 xx 000 0 und d a978-84-8476-661-2 a631.4 P67 aPorta Casanellas, Jaume aEdafología : uso y protección de suelos / Jaume Porta Casanellas; coaut. Marta López-Acevedo; coaut. Rosa M. Poch a3a ed. aEspaña : Mundi-Prensa a607 p. a3a edició revisada y ampliada. aej.1: consumo \ ej.2: consumo aBibliografía: p. 573 - 577 a1. Edafología  aSuelos  aPropiedades fìsicas del suelo  aPropiedades químicas del suelo  aEcología del suelo  aBase referencial mundial para recursos de suelos aLópez-Acevedo, Marta, coaut. \ Poch, Rosa M., coaut.Ì